| Tag |
First Indicator |
Second Indicator |
Subfields |
| LEADER |
00000cam a2200000 a 4500 |
| 001 |
in00001024554 |
| 005 |
20150928121131.0 |
| 008 |
840621s1983 txuae b s0000 eng d |
| 035 |
|
|
|a (OCoLC)10869857
|
| 035 |
|
|
|9 AFF9062AM
|
| 040 |
|
|
|a IKM
|c IKM
|d m/c
|d TXA
|d UtOrBLW
|
| 043 |
|
|
|a n-us-tx
|
| 049 |
|
|
|a TXAO
|
| 086 |
|
|
|a L2505.8 T312lord 1983
|
| 245 |
0 |
0 |
|a Texas low-level radioactive waste disposal facility conceptual design /
|c [prepared by Ebasco Services Incorporated and Chem-Nuclear Systems, Inc. ; principal investigators, Melvyn Weingart [and others]].
|
| 264 |
|
1 |
|a Austin, Tex. :
|b Texas Low-level Radioactive Waste Disposal Authority,
|c [1983]
|
| 300 |
|
|
|a xii, 152, A-5 pages :
|b illustrations, plans ;
|c 28 cm.
|
| 336 |
|
|
|a text
|b txt
|2 rdacontent
|
| 337 |
|
|
|a unmediated
|b n
|2 rdamedia
|
| 338 |
|
|
|a volume
|b nc
|2 rdacarrier
|
| 500 |
|
|
|a "December 1983."
|
| 504 |
|
|
|a Bibliography: p. A-2-A-5.
|
| 650 |
|
0 |
|a Radioactive waste disposal
|z Texas
|x Designs and plans.
|
| 700 |
1 |
|
|a Weingart, Melvyn.
|
| 710 |
2 |
|
|a Texas Low-Level Radioactive Waste Disposal Authority.
|
| 710 |
2 |
|
|a Ebasco Services Incorporated.
|
| 710 |
2 |
|
|a Chem-Nuclear Systems, Inc.
|
| 999 |
|
|
|a MARS
|
| 999 |
f |
f |
|s 5a835637-5cea-3ae6-8ef2-cba7fb2d4819
|i 653b453c-401d-3cc7-94f5-27d1eb57ab25
|t 0
|
| 952 |
f |
f |
|p normal
|a Texas A&M University
|b College Station
|c Sterling C. Evans Library
|d Evans: Texas Documents (Annex 5th floor)
|t 0
|e L2505.8 T312lord 1983
|h Superintendent of Documents classification
|i unmediated -- volume
|m A14815844301
|
| 998 |
f |
f |
|a L2505.8 T312lord 1983
|t 0
|l Evans: Texas Documents (Annex 5th floor)
|